000 005260000a22001930004500
001 000566
003 MACL
005 20150814144502.0
008 150814b xxu||||| |||| 00| 0 eng d
040 _aMACL
_cMACL
041 _aEnglish
082 _a509.2/GOP
100 _aGopalkrishnan, K.V
_95616
245 _aInventors Who Revolutioned Our Lives
_cK.V Gopalkrishnan
260 _aNew Delhi
_c1999
_bNational Book Trust,
350 _a35
650 _aHistorical, Geographical, Oerson Treatment
_95617
942 _k509
_cBK
_2ddc
999 _c566
_d566